000 00617-am-a2200205-a-4500
003 AM-YeHGA
040 _aAM-YeHGA
090 _c440253
005 20250617155720.0
008 990627s1959 xxuru 0 0 rus u rus
020 _c12.30
041 0 _arus
100 1 0 _aСиверс, Аркадий Петрович
245 1 0 _aРадиолокационные приемники /
_cА.П. Сиверс
250 _a3- е изд., доп. и перераб.
260 0 _aМосква :
_bСов. радио,
_c1959.
300 _a533 с.
650 4 _aРадиоэлектроника
942 _2udc
_cBK
999 _c437548
_d437548